Sabors d'Olèrdola : rutes enogastronòmiques / Parc d'Olèrdola rutes enogastronòmiques / Parc d'Olèrdola
Publicado:
Barcelona :
Diputació de Barcelona. Àrea de Territori i Sostenibilitat. Gerència de Serveis d'Espais Naturals. Espais Naturals i Medi Ambient, Xarxa de Parcs Naturals ,
2012
Descripción Física:
1 tríptic : il. col. ; 21 cm
Colección:
Activitats culturals
MARC
| LEADER | 00000nam a2200000Ia 4500 | ||
|---|---|---|---|
| 001 | 23461 | ||
| 003 | BGR | ||
| 005 | 20260324180552.0 | ||
| 008 | 160829s2012 xx 000 0 cat d | ||
| 080 | |a FU-61-43 | ||
| 110 | 2 | |a Parc d'Olèrdola (Catalunya) |9 13549 | |
| 245 | |a Sabors d'Olèrdola : |b rutes enogastronòmiques / Parc d'Olèrdola | ||
| 260 | |a Barcelona : |b Diputació de Barcelona. Àrea de Territori i Sostenibilitat. Gerència de Serveis d'Espais Naturals. Espais Naturals i Medi Ambient, Xarxa de Parcs Naturals, |c 2012 | ||
| 300 | |a 1 tríptic : |b il. col. ; |c 21 cm | ||
| 490 | |a Activitats culturals | ||
| 650 | |a Parc d'Olèrdola | ||
| 650 | |a Enoturisme |x Olèrdola |9 48871 | ||
| 710 | 1 | |a Barcelona (Catalunya : Província). |b Xarxa de Parcs Naturals |9 7250 | |
| 710 | 1 | |a Barcelona (Catalunya : Província). |b Diputació |9 52408 | |
| 901 | |a Arxiu | ||
| 942 | |n 1 |2 udc |c MON | ||
| 952 | |0 0 |1 0 |4 0 |6 FU6143 |7 1 |9 54921 |a Arxiu |b Arxiu |d 2012-07-05 |l 0 |o FU-61-43 |p 23461 |r 2016-12-01 00:00:00 |w 2016-12-01 |y ARXIU | ||
| 999 | |c 58791 |d 58791 | ||